Boombayah english lyrics Blackpink - Statistics

General Stats
  • This quiz has been taken 93 times
  • The average score is 73 of 101
Answer Stats
Answer % Correct
a
100%
I
99%
Blackpink
93%
you
93%
your
93%
area
91%
in
91%
bad
90%
boy
90%
need
90%
am
88%
girl
88%
man
88%
boom
87%
Click
87%
don't
87%
hot
87%
so
87%
know
85%
want
84%
And
82%
Clack
82%
I'm
82%
fan
81%
o'
79%
been
76%
bada
75%
Jennie
75%
the
75%
to
74%
up
69%
me
68%
wanna
68%
like
66%
bing
63%
dance
63%
pink
63%
F-U
59%
hands
59%
jam
57%
baby
56%
middle
56%
pay
56%
finger
54%
go
54%
touch
53%
rambo
51%
Henny
50%
full
49%
my
49%
bottle
47%
90s
46%
back
46%
lambo
46%
pump
46%
let's
43%
oh
41%
Oh
41%
yes
38%
front
37%
gamble
31%
i'ma
18%
No matching quizzes found
Score Distribution
Percent of People with Each Score
Percentile by Number Answered
Your Score History
You have not taken this quiz